MARC details
| 000 -LEADER |
| fixed length control field |
00897nam a2200217 a 4500 |
| 008 - FIXED-LENGTH DATA ELEMENTS--GENERAL INFORMATION |
| fixed length control field |
150226s2007 ||||||||||||||||| || u |
| 020 ## - INTERNATIONAL STANDARD BOOK NUMBER |
| International Standard Book Number |
9781929007899 |
| 050 ## - LIBRARY OF CONGRESS CALL NUMBER |
| Classification number |
RC 355 Kar |
| 100 ## - MAIN ENTRY--PERSONAL NAME |
| Personal name |
Misulis, Karl E |
| 245 10 - TITLE STATEMENT |
| Title |
Netter's concise neurology |
| Statement of responsibility, etc. |
By Karl E. Misulis and Thomas C. Head |
| 260 ## - PUBLICATION, DISTRIBUTION, ETC. |
| Place of publication, distribution, etc. |
Philadelphia |
| Name of publisher, distributor, etc. |
Saunders Elsevier |
| Date of publication, distribution, etc. |
2007 |
| 300 ## - PHYSICAL DESCRIPTION |
| Extent |
xix, 565p.: ill. |
| 350 ## - |
| -- |
68.42 |
| 650 ## - SUBJECT ADDED ENTRY--TOPICAL TERM |
| Topical term or geographic name entry element |
NEUROLOGIC EXAMINATION--METHODS |
| 650 ## - SUBJECT ADDED ENTRY--TOPICAL TERM |
| Topical term or geographic name entry element |
NERVOUS SYSTEM--DISEASES--ATLASES |
| 650 ## - SUBJECT ADDED ENTRY--TOPICAL TERM |
| Topical term or geographic name entry element |
NERVOUS SYSTEM--DISEASES--DIAGNOSIS |
| 650 ## - SUBJECT ADDED ENTRY--TOPICAL TERM |
| Topical term or geographic name entry element |
NERVOUS SYSTEM DISEASES--THERAPHY--HANDBOOKS |
| 650 ## - SUBJECT ADDED ENTRY--TOPICAL TERM |
| Topical term or geographic name entry element |
NERVOUS SYSTEM--DISEASES--HANDBOOKS, MANUALS, ETC |
| 650 #3 - SUBJECT ADDED ENTRY--TOPICAL TERM |
| Topical term or geographic name entry element |
DIAGNOSIS, DIFFERENTIAL--HANDBOOKS |
| 995 ## - |
| -- |
MEDICAL LIBRARY OPEN ACCESS |
| -- |
902972 |
| -- |
CBU-SCHOOL OF MEDICINE LIBRARY (Ndola) |
| -- |
68.42 |
| -- |
RC 355 Kar |
| -- |
1 |
| -- |
OUT |
| -- |
Mar 10, 2015 |
| -- |
902972 |
| -- |
Medical Library Open Access Collection |
| 999 ## - |
| -- |
32152 |
| -- |
32152 |